000 00379nam a2200157Ia 4500
005 20250404044909.0
008 240331s9999 xx 000 0 und d
082 _bSIV
_a894
100 _aSivagnanam, M.P
245 0 _aEnathu paarvaiyil paaventhar
260 _aChennai
_bPoongkody Pathippagam
_c1991
300 _a164 p .,
650 _aPoems
650 _aEssays
942 _cL
999 _c4201
_d4201